=LDR 00000nam 2200000 4500 =001 INLIS000000000017954 =005 20130612113138 =008 ***********************************Ind** =035 ##$$0010-061300000017954 =041 ##$$a Ind =082 ##$$a 551.48 =090 ##$$a 551.48, Asd h =100 ##$$a Asdak, Chay =245 ##$$a Hidrologi pengelolaan daerah aliran sungai, Chay Asdak, M.Sc, Ph D =260 ##$$a 2004 $b Yogyakarta =300 ##$$a 614 hlm, ilus, 21 cm =650 ##$$a Hidrologi =850 ##$$a NBPNMAT =990 ##$$a 21400613/BPAP-NTB/20142014 =990 ##$$a 0001/BPAP-NTB/20142015